[Event "Opera Euro Rapid Prelims 2021"]
[Site "Online"]
[Date "2021.02.03"]
[Round "10.2"]
[White "Ding, Liren"]
[Black "Vidit, Santosh Gujrathi"]
[Result "1-0"]
[WhiteElo "2791"]
[BlackElo "2726"]
[Annotator "RC"]
[PlyCount "101"]
[EventDate "2021.02.02"]
[EventType "tourn"]
[EventCountry "NET"]
[Tiebreak "Koya+Number of black wins+Number of wins"]
[SourceTitle "playchess.com"]
[Source "ChessBase"]
[SourceQuality "1"]
[TimeControl "900+10"]

1. c4 {[%emt 0:00:00]} c5 {[%emt 0:00:00]} 2. g3 {[%emt 0:00:00]} g6 {[%emt 0:
00:00]} 3. Bg2 {[%emt 0:00:00]} Bg7 {[%emt 0:00:00]} 4. Nc3 {[%emt 0:00:00]}
Nc6 {[%emt 0:00:00]} 5. Rb1 {[%emt 0:00:00]} Nf6 {[%emt 0:00:10]} 6. a3 {
[%emt 0:00:09]} O-O {[%emt 0:00:03]} 7. b4 {[%emt 0:00:04]} cxb4 {[%emt 0:00:
01]} 8. axb4 {[%emt 0:00:01]} a6 {[%emt 0:00:01]} 9. d4 {[%emt 0:02:18]} d6 {
[%emt 0:00:38]} 10. Nf3 {[%emt 0:00:26]} Bf5 {[%emt 0:00:55]} 11. Rb2 {[%emt 0:
03:07]} Ne4 {[%emt 0:00:34]} 12. Nd5 {[%emt 0:01:17]} b5 {[%emt 0:01:08]} 13.
cxb5 {[%emt 0:00:37]} axb5 {[%emt 0:00:00]} 14. O-O {[%emt 0:00:01]} Ra1 {
[%emt 0:03:58]} 15. Qc2 {[%emt 0:01:14]} Nxd4 {[%emt 0:02:28]} 16. Nxd4 {
[%emt 0:00:06]} Bxd4 {[%emt 0:00:02]} 17. Bxe4 {[%emt 0:00:14]} Rxc1 {[%emt 0:
00:08]} 18. Rxc1 {[%emt 0:00:06]} Bxb2 {[%emt 0:00:05]} 19. Qxb2 {[%emt 0:00:
07]} Bxe4 {[%emt 0:00:01]} 20. Rc8 {[%emt 0:00:01]} Bxd5 {[%emt 0:00:09]} 21.
Rxd8 {[%emt 0:00:02]} Rxd8 {[%emt 0:00:00]} 22. Qd4 {[%emt 0:00:30]} Bc4 {
[%emt 0:00:11]} 23. Qa7 {[%emt 0:00:12]} Kf8 {[%emt 0:00:29]} 24. Kf1 {[%emt 0:
00:02]} f6 {[%emt 0:00:23]} 25. f3 {[%emt 0:00:05]} Kf7 {[%emt 0:00:09]} 26.
Kf2 {[%emt 0:00:09]} d5 {[%emt 0:00:27]} 27. e3 {[%emt 0:00:18]} h5 {[%emt 0:
00:27]} 28. h4 {[%emt 0:00:11]} Bd3 {[%emt 0:00:27]} 29. Ke1 {[%emt 0:00:33]}
Bc4 {[%emt 0:00:15]} 30. Kd2 {[%emt 0:00:06]} Rg8 {[%emt 0:00:45]} 31. Kc3 {
[%emt 0:00:31]} Be2 {[%emt 0:01:37]} 32. Qb7 {[%emt 0:00:13]} Rd8 {[%emt 0:00:
11]} 33. Kd4 {[%emt 0:00:24]} Bc4 {[%emt 0:00:02]} 34. Kc5 {[%emt 0:00:12]} Ke8
{[%emt 0:00:40]} 35. g4 {[%emt 0:01:01]} hxg4 {[%emt 0:00:13]} 36. fxg4 {
[%emt 0:00:00]} Kf7 {[%emt 0:00:01]} 37. Qc7 {[%emt 0:00:14]} Rh8 {[%emt 0:00:
04]} 38. Qg3 {[%emt 0:00:09]} Rc8+ {[%emt 0:00:08]} 39. Kb6 {[%emt 0:00:03]}
Bd3 {[%emt 0:00:30]} 40. g5 {[%emt 0:01:15]} Rc4 {[%emt 0:01:13]} 41. Qg2 {
[%emt 0:01:09]} Re4 {[%emt 0:00:48]} 42. Qf3 {[%emt 0:00:22]} Kg7 {[%emt 0:00:
28]} 43. Kc7 {[%emt 0:00:40]} Bc4 {[%emt 0:00:24]} 44. Qg3 {[%emt 0:01:00]} Kf7
{[%emt 0:00:12]} 45. Qf2 {[%emt 0:00:13]} Ke6 {[%emt 0:00:50]} 46. Kd8 {
[%emt 0:00:47]} fxg5 {[%emt 0:01:00]} 47. hxg5 {[%emt 0:00:02]} Rg4 {[%emt 0:
00:02]} 48. Ke8 {[%emt 0:00:43]} Rxg5 {[%emt 0:00:14]} 49. Qf7+ {[%emt 0:00:03]
} Ke5 {[%emt 0:00:01]} 50. Qf4+ {[%emt 0:00:02]} Ke6 {[%emt 0:00:11]} 51. Qxg5
{[%emt 0:00:01]} 1-0

[Event "Opera Euro Rapid Prelims 2021"]
[Site "Online"]
[Date "2021.02.03"]
[Round "10.3"]
[White "Carlsen, Magnus"]
[Black "Nakamura, Hikaru"]
[Result "1-0"]
[WhiteElo "2862"]
[BlackElo "2736"]
[Annotator "RC"]
[PlyCount "65"]
[EventDate "2021.02.02"]
[EventType "tourn"]
[EventCountry "NET"]
[Tiebreak "Koya+Number of black wins+Number of wins"]
[SourceTitle "playchess.com"]
[Source "ChessBase"]
[SourceQuality "1"]
[TimeControl "900+10"]

1. d4 {[%emt 0:00:00]} Nf6 {[%emt 0:00:00]} 2. c4 {[%emt 0:00:00]} e6 {[%emt 0:
00:00]} 3. Nf3 {[%emt 0:00:00]} d5 {[%emt 0:00:00]} 4. Nc3 {[%emt 0:00:00]} Be7
{[%emt 0:00:00]} 5. Bf4 {[%emt 0:00:00]} O-O {[%emt 0:00:00]} 6. a3 {[%emt 0:
00:00]} c5 {[%emt 0:00:32]} 7. dxc5 {[%emt 0:00:01]} Bxc5 {[%emt 0:00:00]} 8.
b4 {[%emt 0:01:30]} Be7 {[%emt 0:01:29]} 9. e3 {[%emt 0:00:34]} a5 {[%emt 0:01:
55]} 10. cxd5 {[%emt 0:03:52]} Nxd5 {[%emt 0:02:02]} 11. Nxd5 {[%emt 0:00:02]}
exd5 {[%emt 0:00:00]} 12. b5 {[%emt 0:00:08]} Nd7 {[%emt 0:00:41]} 13. Be2 {
[%emt 0:00:50]} Nc5 {[%emt 0:00:03]} 14. O-O {[%emt 0:00:07]} a4 {[%emt 0:00:
06]} 15. Be5 {[%emt 0:00:24]} Nb3 {[%emt 0:00:51]} 16. Ra2 {[%emt 0:00:03]} Be6
{[%emt 0:00:01]} 17. Nd4 {[%emt 0:00:16]} Bd6 {[%emt 0:00:19]} 18. Nxe6 {
[%emt 0:02:08]} fxe6 {[%emt 0:00:00]} 19. Bb2 {[%emt 0:00:02]} Rc8 {[%emt 0:00:
47]} 20. g3 {[%emt 0:00:10]} Qd7 {[%emt 0:00:21]} 21. Bd3 {[%emt 0:00:40]} Qf7
{[%emt 0:01:42]} 22. e4 {[%emt 0:02:53]} Bc5 {[%emt 0:01:44]} 23. exd5 {
[%emt 0:00:18]} exd5 {[%emt 0:00:00]} 24. Be5 {[%emt 0:02:02]} Rce8 {[%emt 0:
02:23]} 25. Bf4 {[%emt 0:00:02]} h6 {[%emt 0:00:05]} 26. Qg4 {[%emt 0:00:37]}
Re6 {[%emt 0:00:19]} 27. h4 {[%emt 0:00:55]} h5 {[%emt 0:01:04]} 28. Qd1 {
[%emt 0:00:08]} Rf6 {[%emt 0:00:02]} 29. Kg2 {[%emt 0:00:54]} g6 {[%emt 0:00:
58]} 30. Bh6 {[%emt 0:00:45]} Re8 {[%emt 0:00:08]} 31. Bg5 {[%emt 0:00:06]}
Rfe6 {[%emt 0:00:04]} 32. Bc2 {[%emt 0:00:32]} Re1 {[%emt 0:02:19]} 33. Bxg6 {
[%emt 0:00:03]} 1-0

[Event "Opera Euro Rapid Prelims 2021"]
[Site "Online"]
[Date "2021.02.03"]
[Round "10.4"]
[White "Vachier-Lagrave, Maxime"]
[Black "Nepomniachtchi, Ian"]
[Result "1/2-1/2"]
[WhiteElo "2784"]
[BlackElo "2789"]
[Annotator "TA"]
[PlyCount "80"]
[EventDate "2021.02.02"]
[EventType "tourn"]
[EventCountry "NET"]
[Tiebreak "Koya+Number of black wins+Number of wins"]
[SourceTitle "playchess.com"]
[Source "ChessBase"]
[SourceQuality "1"]

{[%evp 9,80,20,23,21,31,39,31,35,32,42,43,38,46,16,33,26,14,0,0,0,0,0,33,0,0,0,
0,0,21,33,37,26,45,51,51,30,52,60,48,49,86,52,54,40,42,31,48,0,45,0,0,0,6,0,0,
0,0,0,0,0,0,0,0,0,0,0,0,0,0,0,0,0,0]} 1. e4 c5 2. Nf3 d6 3. Bb5+ Nd7 {[%cal
Bb8d7,Bd7e5,Be5f3][%mdl 32]} 4. O-O a6 5. Bd3 Ngf6 6. Re1 {B51: Sicilian:
Moscow Variation (3 Bb5+) without 3...Bd7.} g6 7. c3 Ne5 8. Be2 {White is
slightly better.} Bg7 9. d4 Nxf3+ 10. Bxf3 O-O {[#]} 11. dxc5 $146 ({
Predecessor:} 11. Nd2 Nd7 12. Nb3 Rb8 13. Bf4 e5 14. Be3 c4 15. Nd2 b5 16. a4
Qc7 17. axb5 axb5 {1-0 (36) Gao,R (2543)-Peng,H (2207) Beijing 2017}) 11...
dxc5 12. Qxd8 Rxd8 13. e5 Nd5 14. a4 Bf5 15. a5 Rd7 16. Na3 Bd3 17. e6 fxe6 18.
Rxe6 Rad8 {Black wants to play ...Nxc3!} 19. Re1 Bf6 20. g3 Kg7 21. h4 h6 22.
Kg2 c4 23. Nb1 {[%cal Ba3b1,Bb1d2,Bd2e4][%mdl 32]} Rc7 24. Nd2 Rc5 25. Ne4 Rb5
26. Ra2 Rd7 27. Nd2 Rc7 28. Ra4 Rcc5 29. Bxd5 (29. Ne4 {with more
complications.} Rc7 30. Bg4 Bc2 31. Ra2 Bd3 32. Be6) 29... Rxd5 {The position
is equal.} 30. Nxc4 Rdc5 31. Ne3 Rxa5 32. Rxa5 Rxa5 33. Ng4 g5 34. hxg5 hxg5
35. Be3 Bf5 (35... Be4+ {seems wilder.} 36. f3 Bc6 37. Nxf6 exf6 38. g4 Ra2)
36. Nxf6 exf6 37. f3 g4 38. fxg4 Bxg4 39. Rf1 Rf5 {[#] White must now prevent .
..Bh3+!} 40. Rxf5 Bxf5 {Weighted Error Value: White=0.07/Black=0.07} 1/2-1/2

[Event "Opera Euro Rapid Prelims 2021"]
[Site "Online"]
[Date "2021.02.03"]
[Round "10.5"]
[White "So, Wesley"]
[Black "Giri, Anish"]
[Result "1/2-1/2"]
[WhiteElo "2770"]
[BlackElo "2764"]
[Annotator "TA"]
[PlyCount "36"]
[EventDate "2021.02.02"]
[EventType "tourn"]
[EventCountry "NET"]
[Tiebreak "Koya+Number of black wins+Number of wins"]
[SourceTitle "playchess.com"]
[Source "ChessBase"]
[SourceQuality "1"]

{[%evp 20,36,14,13,18,0,4,0,8,0,0,0,0,-4,0,0,0,0,0]} 1. d4 Nf6 2. c4 e6 3. Nf3
d5 4. Nc3 Bb4 5. Bg5 h6 6. Bxf6 Qxf6 7. e3 O-O 8. Rc1 dxc4 9. Bxc4 c5 10. O-O
cxd4 11. Nxd4 {The position is equal.} Bd7 {D38: Queen's Gambit Declined:
Ragozin Defence (4 Nf3 Bb4).} 12. Qb3 Nc6 13. Nxc6 (13. Nf3 {seems wilder.}
Rfd8 14. a3 Ba5 15. Rfd1 Be8 16. Be2) 13... Bxc3 14. Rxc3 Bxc6 15. Bb5 Bd5 16.
Bc4 Bc6 17. Bb5 {[#]} Bd5 $146 ({Predecessor:} 17... Be4 18. Bd3 Bxd3 19. Rxd3
b6 20. Rfd1 Rad8 21. Rxd8 Rxd8 22. Rxd8+ Qxd8 23. g3 h5 24. h4 Qd7 25. Qc2 {
1/2-1/2 (31) Xu,Y (2557)-Xu,Y (2454) Xinghua 2017}) 18. Bc4 Bc6 {An uneventful
encounter.  Weighted Error Value: White=0.05/Black=0.02} 1/2-1/2

[Event "Opera Euro Rapid Prelims 2021"]
[Site "Online"]
[Date "2021.02.03"]
[Round "10.6"]
[White "Aronian, Levon"]
[Black "Grischuk, Alexander"]
[Result "1/2-1/2"]
[WhiteElo "2781"]
[BlackElo "2777"]
[Annotator "TA"]
[PlyCount "45"]
[EventDate "2021.02.02"]
[EventType "tourn"]
[EventCountry "NET"]
[Tiebreak "Koya+Number of black wins+Number of wins"]
[SourceTitle "playchess.com"]
[Source "ChessBase"]
[SourceQuality "1"]

{[%evp 17,18,0,35]} 1. e4 c5 2. Nf3 d6 3. d4 cxd4 4. Nxd4 Nf6 5. Nc3 a6 {[#]}
6. Be3 $146 ({Predecessor:} 6. h3 e5 7. Nf3 Be7 8. g4 O-O 9. g5 Nh5 10. Bc4 Be6
11. Bb3 g6 12. Be3 Nd7 13. Qd2 Rc8 14. O-O-O Nc5 15. Bxc5 Rxc5 16. h4 {1-0 (70)
Giri,A (2764)-Vachier Lagrave,M (2784) Wijk aan Zee 2021}) 6... Ng4 7. Bc1 Nf6
8. Be3 Ng4 9. Bc1 Nf6 10. f3 {10.Nd5 is setting a new trend. B80: Sicilian
Scheveningen: 6 g3 and 6 Be3, including English Attack.} e6 11. Be3 b5 12. Qd2
Nbd7 13. g4 b4 14. Nd1 h6 15. c4 bxc3 16. Nxc3 Bb7 17. h4 d5 18. Rg1 dxe4 19.
g5 hxg5 20. hxg5 Nd5 21. g6 Nxe3 22. gxf7+ Kxf7 23. Qxe3 {0-1 (30) Aronian,L 
(2767)-Grischuk,A (2766) Saint Louis 2018} 1/2-1/2

[Event "Opera Euro Rapid Prelims 2021"]
[Site "Online"]
[Date "2021.02.03"]
[Round "10.7"]
[White "Bluebaum, Matthias"]
[Black "Duda, Jan-Krzysztof"]
[Result "0-1"]
[WhiteElo "2670"]
[BlackElo "2743"]
[Annotator "RC"]
[PlyCount "158"]
[EventDate "2021.02.02"]
[EventType "tourn"]
[EventCountry "NET"]
[Tiebreak "Koya+Number of black wins+Number of wins"]
[SourceTitle "playchess.com"]
[Source "ChessBase"]
[SourceQuality "1"]
[TimeControl "900+10"]

1. d4 {[%emt 0:00:00]} Nf6 {[%emt 0:00:00]} 2. Nf3 {[%emt 0:00:00]} e6 {
[%emt 0:00:00]} 3. e3 {[%emt 0:00:00]} b6 {[%emt 0:00:00]} 4. Bd3 {[%emt 0:00:
00]} Bb7 {[%emt 0:00:01]} 5. O-O {[%emt 0:00:01]} d5 {[%emt 0:00:07]} 6. b3 {
[%emt 0:00:06]} Nbd7 {[%emt 0:00:02]} 7. c4 {[%emt 0:00:22]} dxc4 {[%emt 0:00:
30]} 8. bxc4 {[%emt 0:00:03]} c5 {[%emt 0:00:01]} 9. Nc3 {[%emt 0:00:10]} cxd4
{[%emt 0:00:04]} 10. exd4 {[%emt 0:00:00]} Be7 {[%emt 0:00:01]} 11. Re1 {
[%emt 0:00:19]} O-O {[%emt 0:00:02]} 12. Bb2 {[%emt 0:00:04]} Re8 {[%emt 0:00:
04]} 13. Rc1 {[%emt 0:00:11]} Qc7 {[%emt 0:00:10]} 14. d5 {[%emt 0:01:48]} exd5
{[%emt 0:01:40]} 15. Nxd5 {[%emt 0:01:11]} Nxd5 {[%emt 0:00:26]} 16. cxd5 {
[%emt 0:00:00]} Qd6 {[%emt 0:00:06]} 17. Bb5 {[%emt 0:00:46]} Bf8 {[%emt 0:01:
16]} 18. Rxe8 {[%emt 0:03:35]} Rxe8 {[%emt 0:00:00]} 19. Bc6 {[%emt 0:00:25]}
Bxc6 {[%emt 0:01:06]} 20. dxc6 {[%emt 0:00:00]} Nc5 {[%emt 0:01:58]} 21. Qxd6 {
[%emt 0:02:43]} Bxd6 {[%emt 0:00:00]} 22. Rd1 {[%emt 0:00:01]} Bb8 {[%emt 0:03:
33]} 23. Nd4 {[%emt 0:01:51]} Rd8 {[%emt 0:00:21]} 24. Rb1 {[%emt 0:00:39]} f6
{[%emt 0:02:50]} 25. Nb5 {[%emt 0:00:34]} Ne6 {[%emt 0:00:57]} 26. g3 {[%emt 0:
01:14]} a6 {[%emt 0:00:55]} 27. Nc3 {[%emt 0:00:20]} Rd6 {[%emt 0:00:12]} 28.
Ba3 {[%emt 0:00:46]} Rd3 {[%emt 0:01:09]} 29. Bb2 {[%emt 0:00:44]} b5 {[%emt 0:
00:31]} 30. Rc1 {[%emt 0:00:48]} Kf7 {[%emt 0:00:20]} 31. Ne4 {[%emt 0:00:20]}
Bc7 {[%emt 0:00:05]} 32. Rc2 {[%emt 0:00:29]} Rd5 {[%emt 0:00:29]} 33. Kg2 {
[%emt 0:00:23]} f5 {[%emt 0:00:20]} 34. Nd2 {[%emt 0:00:02]} g5 {[%emt 0:00:02]
} 35. h3 {[%emt 0:00:23]} h5 {[%emt 0:00:13]} 36. Nf1 {[%emt 0:00:04]} f4 {
[%emt 0:00:03]} 37. g4 {[%emt 0:00:20]} Rd3 {[%emt 0:00:33]} 38. f3 {[%emt 0:
00:19]} hxg4 {[%emt 0:00:13]} 39. hxg4 {[%emt 0:00:00]} Ba5 {[%emt 0:00:22]}
40. Be5 {[%emt 0:00:04]} Bc7 {[%emt 0:00:10]} 41. Bxc7 {[%emt 0:00:08]} Nxc7 {
[%emt 0:00:00]} 42. Nd2 {[%emt 0:00:01]} Rd5 {[%emt 0:00:23]} 43. Ne4 {[%emt 0:
00:05]} Ke7 {[%emt 0:00:01]} 44. Kf1 {[%emt 0:00:13]} Kd8 {[%emt 0:00:07]} 45.
Rh2 {[%emt 0:00:27]} Ne6 {[%emt 0:00:13]} 46. Rh6 {[%emt 0:00:21]} Nc5 {
[%emt 0:00:27]} 47. Nf6 {[%emt 0:00:17]} Rd3 {[%emt 0:00:27]} 48. Ke2 {[%emt 0:
00:08]} Re3+ {[%emt 0:00:07]} 49. Kf2 {[%emt 0:00:02]} Re6 {[%emt 0:00:17]} 50.
Rg6 {[%emt 0:00:14]} Nd3+ {[%emt 0:00:03]} 51. Kg2 {[%emt 0:00:02]} Rxc6 {
[%emt 0:00:10]} 52. Rxg5 {[%emt 0:00:17]} Rc2+ {[%emt 0:00:06]} 53. Kh3 {
[%emt 0:00:04]} Ne1 {[%emt 0:00:22]} 54. Rf5 {[%emt 0:00:19]} Nxf3 {[%emt 0:00:
09]} 55. Rxf4 {[%emt 0:00:01]} Ng1+ {[%emt 0:00:07]} 56. Kh4 {[%emt 0:00:01]}
Rh2+ {[%emt 0:00:01]} 57. Kg3 {[%emt 0:00:01]} Rxa2 {[%emt 0:00:01]} 58. Re4 {
[%emt 0:00:03]} Ra3+ {[%emt 0:00:12]} 59. Kf4 {[%emt 0:00:17]} Nh3+ {[%emt 0:
00:02]} 60. Ke5 {[%emt 0:00:04]} Kc7 {[%emt 0:00:03]} 61. Kd5 {[%emt 0:00:12]}
Ng5 {[%emt 0:00:25]} 62. Re5 {[%emt 0:00:12]} Rf3 {[%emt 0:00:31]} 63. Ne8+ {
[%emt 0:00:38]} Kd7 {[%emt 0:00:05]} 64. Rxg5 {[%emt 0:00:07]} Kxe8 {[%emt 0:
00:02]} 65. Kc5 {[%emt 0:00:08]} Rc3+ {[%emt 0:00:10]} 66. Kb6 {[%emt 0:00:03]}
Ra3 {[%emt 0:00:02]} 67. Rf5 {[%emt 0:00:05]} b4 {[%emt 0:00:08]} 68. Rf1 {
[%emt 0:00:29]} b3 {[%emt 0:00:09]} 69. g5 {[%emt 0:00:12]} b2 {[%emt 0:00:15]}
70. Rb1 {[%emt 0:00:04]} Ra2 {[%emt 0:00:02]} 71. g6 {[%emt 0:00:10]} Kf8 {
[%emt 0:00:11]} 72. Kc5 {[%emt 0:00:14]} a5 {[%emt 0:00:04]} 73. Kd4 {[%emt 0:
00:12]} a4 {[%emt 0:00:03]} 74. Ke5 {[%emt 0:00:11]} Kg7 {[%emt 0:00:25]} 75.
Kf5 {[%emt 0:00:07]} a3 {[%emt 0:00:06]} 76. Rd1 {[%emt 0:00:12]} Ra1 {[%emt 0:
00:06]} 77. Rd7+ {[%emt 0:00:02]} Kf8 {[%emt 0:00:11]} 78. g7+ {[%emt 0:00:09]}
Kg8 {[%emt 0:00:03]} 79. Kf6 {[%emt 0:00:09]} Rf1+ {[%emt 0:00:02]} 0-1

[Event "Opera Euro Rapid Prelims 2021"]
[Site "Online"]
[Date "2021.02.03"]
[Round "10.8"]
[White "Shankland, Sam"]
[Black "Dominguez Perez, Leinier"]
[Result "1/2-1/2"]
[WhiteElo "2691"]
[BlackElo "2758"]
[Annotator "RC"]
[PlyCount "87"]
[EventDate "2021.02.02"]
[EventType "tourn"]
[EventCountry "NET"]
[Tiebreak "Koya+Number of black wins+Number of wins"]
[SourceTitle "playchess.com"]
[Source "ChessBase"]
[SourceQuality "1"]
[TimeControl "900+10"]

1. d4 {[%emt 0:00:00]} Nf6 {[%emt 0:00:00]} 2. c4 {[%emt 0:00:00]} e6 {[%emt 0:
00:00]} 3. Nf3 {[%emt 0:00:00]} d5 {[%emt 0:00:00]} 4. Nc3 {[%emt 0:00:00]} Bb4
{[%emt 0:00:00]} 5. cxd5 {[%emt 0:00:00]} exd5 {[%emt 0:00:00]} 6. Bg5 {
[%emt 0:00:00]} h6 {[%emt 0:00:00]} 7. Bh4 {[%emt 0:00:00]} O-O {[%emt 0:00:00]
} 8. e3 {[%emt 0:00:00]} Bf5 {[%emt 0:00:00]} 9. Qb3 {[%emt 0:00:00]} Bxc3+ {
[%emt 0:00:01]} 10. Qxc3 {[%emt 0:00:00]} g5 {[%emt 0:00:02]} 11. Bg3 {[%emt 0:
00:00]} Ne4 {[%emt 0:00:00]} 12. Qa3 {[%emt 0:00:00]} Re8 {[%emt 0:00:01]} 13.
Bd3 {[%emt 0:00:01]} h5 {[%emt 0:00:02]} 14. Ne5 {[%emt 0:00:01]} Qe7 {[%emt 0:
00:05]} 15. Qxe7 {[%emt 0:00:03]} Rxe7 {[%emt 0:00:02]} 16. O-O-O {[%emt 0:00:
01]} f6 {[%emt 0:00:06]} 17. f3 {[%emt 0:00:02]} fxe5 {[%emt 0:00:02]} 18. fxe4
{[%emt 0:00:01]} Bxe4 {[%emt 0:00:01]} 19. Bxe4 {[%emt 0:00:01]} dxe4 {[%emt 0:
00:01]} 20. h4 {[%emt 0:00:00]} exd4 {[%emt 0:00:41]} 21. Rxd4 {[%emt 0:00:05]}
Nc6 {[%emt 0:01:14]} 22. Rd5 {[%emt 0:00:02]} Nb4 {[%emt 0:01:28]} 23. Rxg5+ {
[%emt 0:00:28]} Rg7 {[%emt 0:00:03]} 24. Kd2 {[%emt 0:00:51]} Rd8+ {[%emt 0:05:
27]} 25. Ke2 {[%emt 0:00:03]} Nd3 {[%emt 0:00:02]} 26. Bf4 {[%emt 0:01:34]} c6
{[%emt 0:02:30]} 27. g4 {[%emt 0:02:44]} Rxg5 {[%emt 0:01:16]} 28. hxg5 {
[%emt 0:00:26]} hxg4 {[%emt 0:00:03]} 29. Rg1 {[%emt 0:00:52]} Kg7 {[%emt 0:01:
57]} 30. Rxg4 {[%emt 0:00:10]} Kg6 {[%emt 0:00:32]} 31. Rh4 {[%emt 0:00:35]}
Kf5 {[%emt 0:00:02]} 32. Rh7 {[%emt 0:00:59]} Nxf4+ {[%emt 0:01:09]} 33. exf4 {
[%emt 0:00:00]} Kxf4 {[%emt 0:00:00]} 34. g6 {[%emt 0:00:31]} Kf5 {[%emt 0:02:
27]} 35. Rxb7 {[%emt 0:00:17]} Kxg6 {[%emt 0:00:03]} 36. Rxa7 {[%emt 0:00:33]}
Kf5 {[%emt 0:00:11]} 37. Rc7 {[%emt 0:00:46]} Ra8 {[%emt 0:01:21]} 38. Rxc6 {
[%emt 0:00:34]} Rxa2 {[%emt 0:00:03]} 39. Ke3 {[%emt 0:00:03]} Rxb2 {[%emt 0:
00:04]} 40. Rc5+ {[%emt 0:00:01]} Ke6 {[%emt 0:00:01]} 41. Kxe4 {[%emt 0:00:01]
} Rb4+ {[%emt 0:00:03]} 42. Kd3 {[%emt 0:00:01]} Kd6 {[%emt 0:00:01]} 43. Rc4 {
[%emt 0:00:01]} Rxc4 {[%emt 0:00:01]} 44. Kxc4 {[%emt 0:00:00]} 1/2-1/2